000 00277nam a2200121Ia 4500
008 190216s9999||||xx |||||||||||||| ||und||
100 _aVashishta B R
245 0 _aBotany For Degree Students
260 _bS Chand & Co
_c1970
300 _a365p
650 _aBotany
942 _cBK
999 _c1163
_d1163